000 01159cab a2200301 4500
001 ABS57364
008 090401t1997 xxu||||| |||| 00| 0 eng d
035 _a(Sirsi) u79965
041 _aeng
245 _aAround the world in eighty ways
260 _c1997
350 _a0
490 _aBuilding
_v262(8000) 25 July 1997, 30-46(13)
520 _aFeature on working abroad for construction professionals, highlighting where to find the most work, earn the most money and have the most fun. Pinpoints what perks different countries offer, potential business boom areas, UK construction companies doing well overseas, on-site reports, communication technologies, and typical leisure options.
650 _aCOMMUNICATION
650 _aCONSTRUCTION FIRMS
650 _aCONSTRUCTION INDUSTRY
650 _aCONSTRUCTION PROFESSIONALS
650 _aEMPLOYMENT
650 _aMANAGEMENT-BUSINESS MANAGEMENT-INFORMATION MANAGEMENT
650 _aLEISURE ACTIVITIES
650 _aSALARIES
650 _aWORKING ABROAD
650 _aWORKLOAD
690 _aMANAGEMENT-BUSINESS MANAGEMENT-PROFESSIONAL PRACTICE
942 _n0
948 _c29/07/1997
999 _c50321
_d50321